Diseño de sistemas de información : teoría y práctica
Kaydedildi:
| Yazar: | |
|---|---|
| Diğer Yazarlar: | |
| Materyal Türü: | Kitap |
| Dil: | Spanish |
| Baskı/Yayın Bilgisi: |
México : Megabyte,
1992.
|
| Konular: | |
| Etiketler: |
Etiketle
Etiket eklenmemiş, İlk siz ekleyin!
|
MARC
| LEADER | 00000nam a2200000Ia 4500 | ||
|---|---|---|---|
| 003 | 000353 | ||
| 005 | 20221231144005.0 | ||
| 008 | 140114s1992 mx a 000 ||spa d | ||
| 020 | |a 9681841719 | ||
| 040 | |c cru CEDI | ||
| 082 | |a 005.74 B948d | ||
| 100 | |a Burch, John G |9 20697 | ||
| 245 | |a Diseño de sistemas de información : teoría y práctica | ||
| 260 | |a México : Megabyte, |c 1992. | ||
| 300 | |a 985 páginas : ilustraciones | ||
| 650 | |x SISTEMAS DE INFORMACION EN ADMINISTRACION |x SISTEMAS DE INFORMACION EN DISEÑO |9 20699 | ||
| 700 | |9 20698 |a Grudnitski, Gary | ||
| 942 | |2 ddc |c BK | ||
| 999 | |c 15261 |d 15261 | ||



